[Event "Fajr op 26th"]
[Site "Amol"]
[Date "2018.02.08"]
[Round "7"]
[White "Mosadeghpour, Masoud"]
[Black "Yegiazarian, Arsen"]
[Result "1-0"]
[WhiteElo "2518"]
[BlackElo "2419"]
[PlyCount "115"]
[EventDate "2018.02.03"]
[EventType "swiss"]
[EventRounds "9"]
[EventCountry "IRI"]
[SourceTitle "CBM 182 Extra"]
[Source "ChessBase"]
[SourceDate "2018.02.23"]
[SourceVersion "1"]
[SourceVersionDate "2018.02.23"]
[SourceQuality "1"]

1. e4 e5 2. Nf3 Nc6 3. Bb5 a6 4. Bxc6 dxc6 5. 0-0 Ne7 6. Nxe5 Qd4 7. Qh5 g6 8. Nf3 Qxe4 9. Qa5 b6 10. Qc3 Rg8 11. Re1 Qd5 12. Qe3 Bf5 13. Nc3 Qe6 14. Qf4 Qd6 15. Qxd6 cxd6 16. d3 Kd7 17. Bg5 h6 18. Bf6 g5 19. h4 Rg6 20. Bd4 c5 21. Be3 g4 22. Nd2 Bg7 23. Bf4 Bxc3 24. bxc3 Nd5 25. Bg3 Nxc3 26. Nc4 Kc6 27. h5 Re6 28. Ne3 Bh7 29. Nxg4 Ne2+ 30. Kh2 Rg8 31. Ne5+ dxe5 32. Rxe2 Rg5 33. Rae1 Rxh5+ 34. Kg1 f6 35. f4 Kd5 36. a4 Rf5 37. a5 b5 38. c4+ bxc4 39. dxc4+ Kxc4 40. Rc1+ Kd5 41. Rd1+ Kc6 42. Rb2 Kc7 43. fxe5 fxe5 44. Rdb1 Bg8 45. Bf2 e4 46. g4 Rg5 47. Rb7+ Kc6 48. Be3 Rxg4+ 49. Kf2 Rf6+ 50. Ke1 Rf3 51. R7b6+ Kd5 52. Rd1+ Ke5 53. Bxc5 Bc4 54. Bd4+ Kf4 55. Rf6+ Kg3 56. Be5+ Kg2 57. Rd2+ Kg1 58. Bd4+ 1-0

[Event "Yerevan op 2nd"]
[Site "Yerevan"]
[Date "2017.09.24"]
[Round "6"]
[White "Yegiazarian, Arsen"]
[Black "Tabatabaei, Mohammad Amin"]
[Result "1/2-1/2"]
[WhiteElo "2421"]
[BlackElo "2548"]
[PlyCount "170"]
[EventDate "2017.09.19"]
[EventType "swiss"]
[EventRounds "9"]
[EventCountry "ARM"]
[SourceTitle "CBM 180 Extra"]
[Source "ChessBase"]
[SourceDate "2017.10.06"]
[SourceVersion "1"]
[SourceVersionDate "2017.10.06"]
[SourceQuality "1"]

1. d4 Nf6 2. Nf3 g6 3. c4 Bg7 4. Nc3 0-0 5. g3 d5 6. cxd5 Nxd5 7. Bg2 c5 8. 0-0 Nxc3 9. bxc3 Nc6 10. e3 cxd4 11. cxd4 Bf5 12. Nh4 Be6 13. Rb1 Bc4 14. Re1 Qd7 15. Qa4 b5 16. Qa6 Rac8 17. a4 Bd3 18. Rb2 Qe6 19. d5 Qd6 20. axb5 Bxb2 21. Bxb2 Nb4 22. Qxa7 Nc2 23. Rd1 Be2 24. Rc1 Qb4 25. Be5 Ne1 26. Ra1 Nxg2 27. Nxg2 Qd2 28. Bc7 Qxd5 29. b6 Ra8 30. Nf4 Rxa7 31. bxa7 Qf3 32. Nxe2 Ra8 33. Nd4 Qb7 34. Bb8 Kg7 35. Rc1 Rxb8 36. axb8Q Qxb8 37. h4 e5 38. Nf3 f6 39. e4 Qb7 40. Re1 Qc6 41. Kg2 h5 42. Re3 Kh6 43. Re1 Qc5 44. Re3 g5 45. hxg5+ fxg5 46. g4 h4 47. Nh2 Qf8 48. Kg1 Qa8 49. Kg2 Kg7 50. Nf3 Kf6 51. Nh2 Qb7 52. Nf3 Qd7 53. Nh2 Qd1 54. Rf3+ Ke6 55. Re3 Qd8 56. Ra3 Qf8 57. Rf3 Qc8 58. Rd3 Ke7 59. Re3 Qd7 60. Rf3 Ke6 61. Re3 Qf7 62. Rf3 Qb7 63. Re3 Qh7 64. Nf3 Qg6 65. Nh2 Kd6 66. Kg1 Kc5 67. Kg2 Kc4 68. Nf3 Qf6 69. Nd2+ Kb4 70. Nf1 Qg6 71. Nh2 Qh7 72. Nf3 h3+ 73. Kh2 Qf7 74. Kxh3 Qf4 75. Ne1 Kc4 76. Nf3 Kb5 77. Rc3 Kb4 78. Re3 Ka4 79. Rd3 Qxe4 80. Re3 Qf4 81. Nxe5 Qxf2 82. Rf3 Qg1 83. Rf5 Qh1+ 84. Kg3 Qh4+ 85. Kf3 Qh1+ 1/2-1/2

[Event "Yerevan op 2nd"]
[Site "Yerevan"]
[Date "2017.09.23"]
[Round "5"]
[White "Melkonyan, Arshak"]
[Black "Yegiazarian, Arsen"]
[Result "0-1"]
[WhiteElo "2064"]
[BlackElo "2421"]
[PlyCount "136"]
[EventDate "2017.09.19"]
[EventType "swiss"]
[EventRounds "9"]
[EventCountry "ARM"]
[SourceTitle "CBM 180 Extra"]
[Source "ChessBase"]
[SourceDate "2017.10.06"]
[SourceVersion "1"]
[SourceVersionDate "2017.10.06"]
[SourceQuality "1"]

1. d4 Nf6 2. c4 e6 3. Nc3 Bb4 4. f3 c5 5. a3 Bxc3+ 6. bxc3 Nc6 7. e4 d6 8. Be3 b6 9. Bd3 0-0 10. Nh3 e5 11. d5 Bxh3 12. gxh3 Ne7 13. Kd2 Ng6 14. Qg1 Nh5 15. Qg4 Nhf4 16. Rag1 a6 17. Bxf4 exf4 18. a4 Ra7 19. Rb1 b5 20. cxb5 c4 21. Bc2 axb5 22. Rxb5 Qf6 23. Rhb1 Ne5 24. Qg2 Raa8 25. Rb7 Qd8 26. R7b5 Qc7 27. Qf2 g6 28. R1b4 Rfe8 29. Rb1 Re7 30. R1b4 Kg7 31. Rb1 Qd7 32. Qg2 Rae8 33. Rb6 Qc8 34. R1b5 Qc7 35. Qe2 f6 36. Qg2 Ra8 37. Qf2 Qd7 38. Qf1 Qa7 39. Qe2 Qd7 40. Qg2 Qd8 41. Qf2 Qc8 42. Qg2 Rea7 43. Rb4 Qc5 44. Qe2 Kh6 45. R6b5 Qg1 46. Rb8 Rxb8 47. Rxb8 Ra6 48. Rb4 Qg5 49. Qf1 Qh5 50. Bd1 f5 51. exf5 Qxf5 52. Be2 Qd7 53. Bxc4 Rxa4 54. Bb3 Rxb4 55. cxb4 Qa7 56. Qe2 Qd4+ 57. Kc2 Qxb4 58. Qf2 Kg5 59. h4+ Kh5 60. Qa7 h6 61. Qf2 Nd3 62. Kxd3 Qxb3+ 63. Ke4 Qc4+ 64. Qd4 Qxd4+ 65. Kxd4 Kxh4 66. Ke4 Kg5 67. Kd4 Kf5 68. h4 g5 0-1

[Event "Poti op 12th"]
[Site "Poti"]
[Date "2017.07.19"]
[Round "6"]
[White "Mchedlishvili, Mikheil"]
[Black "Yegiazarian, Arsen"]
[Result "0-1"]
[WhiteElo "2602"]
[BlackElo "2426"]
[PlyCount "72"]
[EventDate "2017.07.14"]
[EventType "swiss"]
[EventRounds "9"]
[EventCountry "GEO"]
[SourceTitle "CBM 179 Extra"]
[Source "ChessBase"]
[SourceDate "2017.08.23"]
[SourceVersion "1"]
[SourceVersionDate "2017.08.23"]
[SourceQuality "1"]

1. d4 Nf6 2. c4 e6 3. Nf3 d5 4. g3 Bb4+ 5. Bd2 Bd6 6. Nc3 c6 7. Qc2 0-0 8. e4 Nxe4 9. Nxe4 dxe4 10. Qxe4 Nd7 11. Bd3 g6 12. 0-0-0 e5 13. dxe5 Nc5 14. Qe3 Nxd3+ 15. Qxd3 Bc5 16. Be3 Bf5 17. Qc3 Bxe3+ 18. Qxe3 Qa5 19. a3 Rfe8 20. Rd4 c5 21. Rd2 Qa4 22. Qc3 b5 23. g4 b4 24. Qe3 Bxg4 25. Ng5 Bf5 26. e6 f6 27. Ne4 Rxe6 28. Nxc5 Rxe3 29. Nxa4 bxa3 30. Nc3 Rxc3+ 31. bxc3 Rb8 32. Rc2 Kf7 33. Rd1 Bxc2 34. Kxc2 Rb2+ 35. Kc1 Rxf2 36. Kb1 Rxh2 0-1

[Event "Poti op 12th"]
[Site "Poti"]
[Date "2017.07.18"]
[Round "5"]
[White "Yegiazarian, Arsen"]
[Black "Beydullayeva, Govhar"]
[Result "1-0"]
[WhiteElo "2426"]
[BlackElo "2081"]
[PlyCount "137"]
[EventDate "2017.07.14"]
[EventType "swiss"]
[EventRounds "9"]
[EventCountry "GEO"]
[SourceTitle "CBM 179 Extra"]
[Source "ChessBase"]
[SourceDate "2017.08.23"]
[SourceVersion "1"]
[SourceVersionDate "2017.08.23"]
[SourceQuality "1"]

1. e4 e6 2. d4 d5 3. Nd2 Nf6 4. e5 Nfd7 5. c3 c5 6. Bd3 Nc6 7. Ne2 cxd4 8. cxd4 f6 9. exf6 Nxf6 10. 0-0 Bd6 11. Nf3 Qc7 12. Bg5 0-0 13. Bh4 Nh5 14. Qc2 h6 15. Bh7+ Kh8 16. Bg6 Rxf3 17. Bxh5 Rf5 18. Bg6 Rf8 19. Bg3 Bd7 20. Qd2 Be8 21. Bc2 Ne7 22. Rac1 Qb6 23. Rfe1 Nf5 24. Bxd6 Qxd6 25. Bxf5 Rxf5 26. Rc3 Bd7 27. Re3 Rc8 28. Nc1 Qf4 29. f3 Rc4 30. Ne2 Qc7 31. Rc1 Qb6 32. b3 Rxc1+ 33. Qxc1 e5 34. Qc3 exd4 35. Qxd4 Qxd4 36. Nxd4 Rf4 37. Rd3 Rf8 38. Rc3 Rf4 39. Ne2 Rf7 40. Kf2 g5 41. Rc7 Be6 42. Rxf7 Bxf7 43. Ke3 Kg7 44. Kd4 Kf6 45. Nc3 Ke6 46. Nxd5 b6 47. Nc7+ Kd7 48. Nb5 a6 49. Nc3 Kc6 50. g3 a5 51. f4 gxf4 52. gxf4 Kd6 53. f5 Be8 54. Ne4+ Ke7 55. Ke5 b5 56. f6+ Kf8 57. Nd6 Bc6 58. a3 Bd7 59. Kd5 h5 60. h4 Kg8 61. Nb7 b4 62. axb4 axb4 63. Nd6 Kh7 64. Kc5 Kg6 65. f7 Kg7 66. Kxb4 Be6 67. Kc3 Bxf7 68. Nxf7 Kxf7 69. Kd4 1-0

[Event "Poti op 12th"]
[Site "Poti"]
[Date "2017.07.17"]
[Round "4"]
[White "Gharagyozyan, Artur"]
[Black "Yegiazarian, Arsen"]
[Result "0-1"]
[WhiteElo "2167"]
[BlackElo "2426"]
[PlyCount "177"]
[EventDate "2017.07.14"]
[EventType "swiss"]
[EventRounds "9"]
[EventCountry "GEO"]
[SourceTitle "CBM 179 Extra"]
[Source "ChessBase"]
[SourceDate "2017.08.23"]
[SourceVersion "1"]
[SourceVersionDate "2017.08.23"]
[SourceQuality "1"]

1. e4 Nf6 2. e5 Nd5 3. c4 Nb6 4. c5 Nd5 5. Nc3 e6 6. Nxd5 exd5 7. d4 d6 8. cxd6 cxd6 9. Nf3 Nc6 10. Bd3 Bg4 11. 0-0 Be7 12. Bf4 0-0 13. exd6 Bxd6 14. Bxd6 Bxf3 15. Qxf3 Qxd6 16. Rad1 Rfe8 17. Bb5 Re4 18. Bxc6 Qxc6 19. Rfe1 Qc2 20. Rxe4 dxe4 21. Qb3 Qxb3 22. axb3 Rc8 23. d5 f5 24. g4 fxg4 25. Rd4 Kf7 26. Rxe4 Rd8 27. Rf4+ Kg8 28. Rf5 g6 29. Re5 Kf7 30. Kg2 Rd6 31. f4 gxf3+ 32. Kxf3 Kf6 33. Kf4 Rb6 34. Re3 Rb4+ 35. Kf3 Rd4 36. Re6+ Kf7 37. Re5 Rd3+ 38. Ke4 Rd2 39. Ke3 Rxb2 40. d6 Rxb3+ 41. Kd4 Rb2 42. Re7+ Kf6 43. Rxh7 Ke6 44. Rg7 Kxd6 45. Rxg6+ Kc7 46. Rh6 a5 47. Kc3 Rg2 48. h4 b6 49. h5 Kb7 50. Rg6 Rh2 51. h6 Ka6 52. Kb3 Rh3+ 53. Ka4 Rh4+ 54. Ka3 Kb5 55. Rg5+ Kc4 56. Rg6 b5 57. Rc6+ Kd5 58. Ra6 Rh3+ 59. Kb2 a4 60. Rg6 Kc4 61. Rg4+ Kc5 62. Rg5+ Kb4 63. Rg4+ Ka5 64. Rg6 Rh4 65. Kb1 Kb4 66. Ka2 Rh2+ 67. Kb1 a3 68. Rg4+ Kb3 69. Rg3+ Ka4 70. Rg4+ b4 71. h7 Rxh7 72. Rf4 Rd7 73. Rh4 Rd1+ 74. Ka2 Rd2+ 75. Kb1 Kb3 76. Rh3+ Kc4 77. Rh8 b3 78. Rc8+ Kb4 79. Rb8+ Kc3 80. Rc8+ Kd4 81. Rd8+ Ke3 82. Re8+ Kf4 83. Rf8+ Ke5 84. Re8+ Kf6 85. Re1 Kf5 86. Rh1 Rf2 87. Ka1 Kf4 88. Kb1 Kg3 89. Rh4 0-1

[Event "Poti op 12th"]
[Site "Poti"]
[Date "2017.07.15"]
[Round "2"]
[White "Mgeladze, Tamaz"]
[Black "Yegiazarian, Arsen"]
[Result "1-0"]
[WhiteElo "2268"]
[BlackElo "2426"]
[PlyCount "129"]
[EventDate "2017.07.14"]
[EventType "swiss"]
[EventRounds "9"]
[EventCountry "GEO"]
[SourceTitle "CBM 179 Extra"]
[Source "ChessBase"]
[SourceDate "2017.08.23"]
[SourceVersion "1"]
[SourceVersionDate "2017.08.23"]
[SourceQuality "1"]

1. c4 e6 2. g3 d5 3. Nf3 dxc4 4. Qa4+ Bd7 5. Qxc4 c5 6. a4 Bc6 7. Bg2 Nf6 8. 0-0 Nbd7 9. Nc3 Be7 10. e4 0-0 11. d3 Nb6 12. Qb3 Qxd3 13. a5 Nbd7 14. Rd1 Qa6 15. Bf1 b5 16. Bxb5 Bxb5 17. Qxb5 Qxb5 18. Nxb5 c4 19. Be3 Nc5 20. Ne5 Rfc8 21. f3 Nb3 22. Ra4 a6 23. Nc3 Rab8 24. Nxc4 Nc5 25. Nb6 Nxa4 26. Nxc8 Rxc8 27. Nxa4 h6 28. Nb6 Rc2 29. Rd2 Rc1+ 30. Kf2 Rb1 31. Nc4 g5 32. g4 Ra1 33. Bb6 h5 34. gxh5 Nxh5 35. Rd7 Bb4 36. Ne5 Bxa5 37. Bxa5 Rxa5 38. Nxf7 Rb5 39. Ke3 Rb3+ 40. Kd4 Rxb2 41. Ra7 Rb5 42. Nh6+ Kf8 43. Rxa6 Nf4 44. Ng4 Ke7 45. Ne3 Rb3 46. Ra7+ Kf8 47. Ng4 Rxf3 48. Ke5 Nd3+ 49. Kxe6 Nc5+ 50. Kd5 Nxe4 51. Ne5 Re3 52. Ke6 Re2 53. h3 Nc5+ 54. Kf5 Rf2+ 55. Kxg5 Ne4+ 56. Kh6 Nd6 57. Ng6+ Ke8 58. Re7+ Kd8 59. Re1 Rg2 60. Rd1 Kc7 61. Rf1 Ne4 62. Rf4 Nc5 63. h4 Ne6 64. Rf6 Kd7 65. Rxe6 1-0

[Event "Yerevan op 1st"]
[Site "Yerevan"]
[Date "2016.10.10"]
[Round "9"]
[White "Gasparian, Tigran"]
[Black "Yegiazarian, Arsen"]
[Result "0-1"]
[WhiteElo "2219"]
[BlackElo "2423"]
[PlyCount "58"]
[EventDate "2016.10.02"]
[EventType "swiss"]
[EventRounds "9"]
[EventCountry "ARM"]
[SourceTitle "EXT 2017"]
[Source "ChessBase"]
[SourceDate "2016.10.25"]
[SourceVersion "1"]
[SourceVersionDate "2016.10.25"]
[SourceQuality "1"]

1. d4 Nf6 2. Nf3 e6 3. Bg5 h6 4. Bxf6 Qxf6 5. g3 g5 6. Bg2 Bg7 7. c3 d6 8. Nbd2 Nc6 9. e4 Bd7 10. b4 h5 11. h4 g4 12. Ng5 Nxd4 13. cxd4 Qxd4 14. Rc1 Rc8 15. Rc4 Qb6 16. Qc2 Ke7 17. 0-0 f6 18. e5 fxg5 19. exd6+ cxd6 20. Qg6 Rcg8 21. Qxg5+ Bf6 22. Qf4 Be5 23. Qe4 Bxg3 24. Qc2 Bxf2+ 25. Kh1 g3 26. Qc3 Qe3 27. Qb2 d5 28. Rd1 dxc4 29. Nxc4 Qf4 0-1

[Event "Yerevan op 1st"]
[Site "Yerevan"]
[Date "2016.10.07"]
[Round "6"]
[White "Yegiazarian, Arsen"]
[Black "Matevosyan, Sedrak"]
[Result "1/2-1/2"]
[WhiteElo "2423"]
[BlackElo "2141"]
[PlyCount "64"]
[EventDate "2016.10.02"]
[EventType "swiss"]
[EventRounds "9"]
[EventCountry "ARM"]
[SourceTitle "EXT 2017"]
[Source "ChessBase"]
[SourceDate "2016.10.25"]
[SourceVersion "1"]
[SourceVersionDate "2016.10.25"]
[SourceQuality "1"]

1. d4 Nf6 2. c4 e6 3. Nf3 b6 4. g3 Ba6 5. b3 Bb4+ 6. Bd2 Be7 7. Nc3 c6 8. e4 d5 9. Qe2 b5 10. exd5 Nxd5 11. Nxd5 exd5 12. c5 0-0 13. Be3 Re8 14. Qc2 b4 15. Bxa6 Nxa6 16. 0-0 Bf6 17. a3 bxa3 18. Rxa3 Nc7 19. Qd3 Nb5 20. Ra4 Qe7 21. Rd1 h6 22. Ne1 Qe6 23. Nc2 Qg4 24. Ra6 Re6 25. Kg2 Rae8 26. Nb4 Nxd4 27. Bxd4 Bxd4 28. h3 Qe4+ 29. Qxe4 Rxe4 30. Nxc6 Bxc5 31. Rxd5 Bxf2 32. Kxf2 Re2+ 1/2-1/2

[Event "Yerevan op 1st"]
[Site "Yerevan"]
[Date "2016.10.05"]
[Round "4"]
[White "Aleksandrov, Aleksej"]
[Black "Yegiazarian, Arsen"]
[Result "1-0"]
[WhiteElo "2568"]
[BlackElo "2423"]
[PlyCount "109"]
[EventDate "2016.10.02"]
[EventType "swiss"]
[EventRounds "9"]
[EventCountry "ARM"]
[SourceTitle "EXT 2017"]
[Source "ChessBase"]
[SourceDate "2016.10.25"]
[SourceVersion "1"]
[SourceVersionDate "2016.10.25"]
[SourceQuality "1"]

1. d4 Nf6 2. c4 e6 3. Nc3 Bb4 4. e3 c5 5. Bd3 Nc6 6. Nf3 Bxc3+ 7. bxc3 d6 8. e4 e5 9. d5 Ne7 10. Nh4 h6 11. h3 g5 12. Nf3 Ng6 13. g3 Bd7 14. Rb1 Rb8 15. Bd2 Qe7 16. Qc1 Nh5 17. Qa3 0-0 18. h4 g4 19. Nh2 Kh7 20. Qxa7 Ra8 21. Qxb7 Rxa2 22. Be2 Nf6 23. h5 Nxe4 24. hxg6+ fxg6 25. Be3 Nxc3 26. Bxg4 Nxb1 27. Qxb1 Rfa8 28. 0-0 Bxg4 29. Nxg4 h5 30. Nh2 e4 31. Re1 R2a4 32. Bf4 Ra1 33. Qxa1 Rxa1 34. Rxa1 g5 35. Be3 h4 36. Ra6 Qb7 37. Ra1 Qb2 38. Re1 Qc3 39. Rc1 Qd3 40. Kg2 Kg6 41. gxh4 gxh4 42. Kh3 Kh5 43. Rg1 Qc3 44. Rg8 Qg7 45. Re8 Qa1 46. Rxe4 Qf6 47. Rf4 Qg5 48. Nf3 Qf6 49. Kh2 Qc3 50. Rxh4+ Kg6 51. Rg4+ Kf5 52. Kg3 Qa1 53. Bh6 Qc3 54. Bf8 Qh8 55. Nh4+ 1-0

[Event "ARM-ch 1st League 76th"]
[Site "Yerevan"]
[Date "2015.09.03"]
[Round "13"]
[White "Yegiazarian, Arsen"]
[Black "Petrosyan, Manuel"]
[Result "1/2-1/2"]
[WhiteElo "2426"]
[BlackElo "2443"]
[PlyCount "74"]
[EventDate "2015.08.21"]
[EventType "tourn"]
[EventRounds "13"]
[EventCountry "ARM"]
[EventCategory "6"]
[SourceTitle "EXT 2016"]
[Source "ChessBase"]
[SourceDate "2015.10.08"]
[SourceVersion "1"]
[SourceVersionDate "2015.10.08"]
[SourceQuality "1"]

1. d4 Nf6 2. Nf3 e6 3. g3 c5 4. Bg2 d5 5. 0-0 Nc6 6. c4 dxc4 7. Ne5 Bd7 8. Nxc6 Bxc6 9. Bxc6+ bxc6 10. Qa4 cxd4 11. Qxc6+ Nd7 12. Qxc4 Bc5 13. Nd2 0-0 14. Ne4 Bb6 15. Bg5 Ne5 16. Bxd8 Nxc4 17. Bxb6 axb6 18. b3 Na3 19. Rac1 Rfc8 20. Nd6 Rc3 21. Rfd1 e5 22. e3 h6 23. exd4 exd4 24. Kf1 Nc2 25. Nb5 Rc5 26. a4 d3 27. Rb1 Rd8 28. Rd2 Rd7 29. h4 f5 30. Rbd1 Nb4 31. Na3 Rc3 32. Rb1 Rc2 33. Nc4 Rd4 34. Rbd1 Rc3 35. Rb1 Rc2 36. Rbd1 Rc3 37. Rb1 Rc2 1/2-1/2

[Event "ARM-ch 1st League 76th"]
[Site "Yerevan"]
[Date "2015.08.23"]
[Round "3"]
[White "Sargsyan, Shant"]
[Black "Yegiazarian, Arsen"]
[Result "1/2-1/2"]
[WhiteElo "2362"]
[BlackElo "2426"]
[PlyCount "131"]
[EventDate "2015.08.21"]
[EventType "tourn"]
[EventRounds "13"]
[EventCountry "ARM"]
[EventCategory "6"]
[SourceTitle "EXT 2016"]
[Source "ChessBase"]
[SourceDate "2015.10.08"]
[SourceVersion "1"]
[SourceVersionDate "2015.10.08"]
[SourceQuality "1"]

1. d4 Nf6 2. c4 e6 3. Nc3 Bb4 4. Qc2 d5 5. cxd5 Qxd5 6. Nf3 Qf5 7. Qxf5 exf5 8. a3 Bd6 9. Bg5 Ne4 10. Nxe4 fxe4 11. Nd2 f5 12. e3 Nc6 13. Nc4 Be6 14. Nxd6+ cxd6 15. Bf4 Kd7 16. Rc1 a6 17. b4 Rac8 18. Kd2 Ne7 19. Be2 Nd5 20. Rxc8 Rxc8 21. Rc1 Rxc1 22. Kxc1 b5 23. h4 Nb6 24. Bd1 Kc6 25. Be2 Bc4 26. Bd1 Nd5 27. Kd2 Nc7 28. g4 fxg4 29. Bxg4 Be6 30. Bd1 h6 31. f3 Bd5 32. fxe4 Bxe4 33. Bb3 Nd5 34. Bxd5+ Kxd5 35. Kc3 Ke6 36. Kd2 d5 37. Be5 g5 38. hxg5 hxg5 39. Bc7 Kf5 40. Ke2 Bc2 41. Bd8 g4 42. Bc7 Ke4 43. Bf4 Bb3 44. Be5 Bc4+ 45. Kf2 Bd3 46. Bf4 Kf5 47. Be5 Be4 48. Ke2 Bf3+ 49. Kd3 Bg2 50. Ke2 Ke4 51. Bf4 Bh1 52. Be5 Kf5 53. Bf4 Bf3+ 54. Kd3 Be4+ 55. Ke2 Bb1 56. Be5 Ba2 57. Bf4 Ke4 58. Be5 Bc4+ 59. Kf2 Kd3 60. Kg3 Kxe3 61. Kxg4 Kd3 62. Kf5 Kc3 63. Ke6 Kb3 64. Bc7 Kxa3 65. Ba5 Kb3 66. Kd6 1/2-1/2

[Event "ARM-ch 1st League 76th+"]
[Site "Yerevan"]
[Date "2015.08.21"]
[Round "1"]
[White "Petrosyan, Tigran S"]
[Black "Yegiazarian, Arsen"]
[Result "1/2-1/2"]
[WhiteElo "2441"]
[BlackElo "2426"]
[PlyCount "109"]
[EventDate "2015.08.21"]
[EventType "tourn"]
[EventRounds "13"]
[EventCountry "ARM"]
[EventCategory "6"]
[SourceTitle "EXT 2016"]
[Source "ChessBase"]
[SourceDate "2015.10.08"]
[SourceVersion "1"]
[SourceVersionDate "2015.10.08"]
[SourceQuality "1"]

1. Nf3 Nf6 2. c4 c5 3. Nc3 Nc6 4. d4 cxd4 5. Nxd4 e6 6. a3 Be7 7. e4 0-0 8. Be2 d5 9. exd5 exd5 10. cxd5 Nxd5 11. Nxc6 bxc6 12. Nxd5 cxd5 13. 0-0 Bf6 14. Bf3 Be6 15. Ra2 Qb6 16. b4 Rac8 17. Rc2 Rxc2 18. Qxc2 Rc8 19. Qd3 Rc3 20. Qd1 Qc6 21. Be2 Rc2 22. Bd3 Ra2 23. Qb3 d4 24. Qb1 Qc3 25. Bxh7+ Kh8 26. Bf4 Qxa3 27. Bf5 Qb3 28. Bxe6 Qxb1 29. Rxb1 fxe6 30. Bd6 Kg8 31. Rd1 e5 32. g3 Kf7 33. Re1 d3 34. Rd1 e4 35. Bc5 Ke6 36. h4 Kd5 37. h5 a5 38. f3 a4 39. fxe4+ Kxe4 40. b5 d2 41. Kf2 Kd3 42. b6 Rb2 43. Be3 Bc3 44. Kf3 a3 45. Bxd2 Rxd2 46. b7 Rxd1 47. b8Q Kc2 48. Qb5 Rd3+ 49. Ke2 Rd4 50. Qa6 Kb2 51. Qb6+ Rb4 52. Qf2 a2 53. Kd3+ Ka3 54. Qa7+ Kb2 55. Qf2+ 1/2-1/2

[Event "Perm op"]
[Site "Perm"]
[Date "2014.??.??"]
[Round "4"]
[White "Yegiazarian, Arsen"]
[Black "Matveeva, Olga"]
[Result "1-0"]
[WhiteElo "2428"]
[BlackElo "2230"]
[PlyCount "49"]
[EventDate "2014.05.06"]
[EventType "swiss"]
[EventRounds "9"]
[EventCountry "RUS"]
[SourceTitle "CBM 160 Extra"]
[Source "ChessBase"]
[SourceDate "2014.07.01"]
[SourceVersion "1"]
[SourceVersionDate "2014.07.01"]
[SourceQuality "1"]

1. Nf3 c5 2. e4 Nc6 3. Bb5 g6 4. Bxc6 dxc6 5. d3 Bg7 6. h3 Nf6 7. Nc3 Nd7 8. Be3 e5 9. Qd2 h6 10. 0-0 Qe7 11. Nh2 Nf8 12. f4 exf4 13. Bxf4 Ne6 14. Bg3 Qg5 15. Qe1 Nd4 16. Rc1 0-0 17. e5 Be6 18. Bf4 Qe7 19. Ne4 Rad8 20. Nf6+ Kh8 21. c3 Nb5 22. Qh4 h5 23. a4 Nc7 24. Bg5 Rxd3 25. Nxh5 1-0

[Event "Perm op"]
[Site "Perm"]
[Date "2014.??.??"]
[Round "8"]
[White "Yegiazarian, Arsen"]
[Black "Simantsev, Mikhail"]
[Result "1-0"]
[WhiteElo "2428"]
[BlackElo "2479"]
[PlyCount "83"]
[EventDate "2014.05.06"]
[EventType "swiss"]
[EventRounds "9"]
[EventCountry "RUS"]
[SourceTitle "CBM 160 Extra"]
[Source "ChessBase"]
[SourceDate "2014.07.01"]
[SourceVersion "1"]
[SourceVersionDate "2014.07.01"]
[SourceQuality "1"]

1. d4 Nf6 2. c4 e6 3. Nf3 b6 4. e3 Bb7 5. Bd3 c5 6. 0-0 Be7 7. Nc3 cxd4 8. exd4 d5 9. cxd5 Nxd5 10. Ne5 Nxc3 11. bxc3 0-0 12. Qg4 Nd7 13. Bh6 Bf6 14. Rad1 Qe7 15. Rfe1 Rfd8 16. h4 Rac8 17. c4 Kh8 18. Bc1 Kg8 19. h5 g6 20. hxg6 hxg6 21. Nxf7 Qxf7 22. Bxg6 Qg7 23. Qxe6+ Kh8 24. Qh3+ Kg8 25. Bf5 Nf8 26. Rd3 Bxg2 27. Be6+ Nxe6 28. Qxe6+ Qf7 29. Rg3+ Bg7 30. Kxg2 Qxe6 31. Rxe6 Kf7 32. Re4 Rxc4 33. Rf4+ Kg8 34. Rfg4 Rxc1 35. Rxg7+ Kf8 36. Rg8+ Ke7 37. R3g7+ Kf6 38. Rxd8 Kxg7 39. Rd7+ Kf6 40. Rxa7 Ke6 41. Kf3 Kd5 42. Rd7+ 1-0

[Event "Tbilisi Cup"]
[Site "Tbilisi"]
[Date "2010.05.15"]
[Round "1"]
[White "Richet, Vincent"]
[Black "Yegiazarian, Arsen"]
[Result "0-1"]
[WhiteElo "1942"]
[BlackElo "2475"]
[PlyCount "84"]
[EventDate "2010.05.15"]
[EventType "swiss"]
[EventRounds "9"]
[EventCountry "GEO"]
[SourceTitle "CBM 136 Extra"]
[Source "ChessBase"]
[SourceDate "2010.07.02"]
[SourceVersion "2"]
[SourceVersionDate "2010.07.15"]
[SourceQuality "1"]

1. e4 c5 2. Nf3 e6 3. d4 cxd4 4. Nxd4 Nc6 5. Nc3 d6 6. Bc4 Nge7 7. 0-0 Nxd4 8. Qxd4 Nc6 9. Qe3 Be7 10. f4 0-0 11. f5 Bf6 12. Kh1 Re8 13. fxe6 Bxe6 14. Nd5 Be5 15. Qg5 Qxg5 16. Bxg5 Bxb2 17. Rab1 Be5 18. Rxb7 Na5 19. Rb4 Nxc4 20. Rxc4 Bxd5 21. exd5 Rac8 22. Rxc8 Rxc8 23. Rc1 Rc4 24. Be3 a5 25. g3 f5 26. Kg2 Kf7 27. Kf2 Kf6 28. Ke2 g5 29. Kd3 Rc3+ 30. Kd2 f4 31. gxf4 gxf4 32. Bg1 Kf5 33. Rb1 Ra3 34. Rb3 Rxa2 35. Rh3 Ke4 36. Rxh7 Kxd5 37. Rh3 Ke4 38. Rd3 d5 39. h4 d4 40. Bh2 Bg7 41. h5 f3 42. Rb3 Bh6+ 0-1

[Event "Voronezh op-A"]
[Site "Voronezh"]
[Date "2008.06.20"]
[Round "8"]
[White "Petrushin, Alexander I"]
[Black "Yegiazarian, Arsen"]
[Result "0-1"]
[WhiteElo "2426"]
[BlackElo "2491"]
[PlyCount "70"]
[EventDate "2008.06.12"]
[EventType "swiss"]
[EventRounds "9"]
[EventCountry "RUS"]
[SourceTitle "CBM 125 Extra"]
[Source "ChessBase"]
[SourceDate "2008.09.01"]
[SourceVersion "1"]
[SourceVersionDate "2008.09.01"]
[SourceQuality "1"]

1. e4 c5 2. Nf3 e6 3. d4 cxd4 4. Nxd4 Nc6 5. Nc3 d6 6. Be2 Nf6 7. 0-0 Be7 8. Kh1 0-0 9. f4 Nxd4 10. Qxd4 b6 11. Bf3 Bb7 12. Be3 Nd7 13. Rad1 Bc6 14. e5 dxe5 15. fxe5 Bc5 16. Qf4 Bxe3 17. Qxe3 Bxf3 18. gxf3 Qc7 19. f4 f6 20. exf6 Rxf6 21. Ne4 Rg6 22. Rg1 Nf8 23. c3 Rd8 24. Rde1 Rd5 25. Rg3 Rf5 26. Rxg6 Nxg6 27. Ng3 Rf7 28. Qxe6 Nxf4 29. Qe4 Ng6 30. Nf5 Kh8 31. Qd5 Rf8 32. Re4 Qc8 33. Nd6 Qd7 34. Qe6 Rf1+ 35. Kg2 Nf4+ 0-1

[Event "Voronezh op-A"]
[Site "Voronezh"]
[Date "2008.06.18"]
[Round "6"]
[White "Lutsko, Igor"]
[Black "Yegiazarian, Arsen"]
[Result "1/2-1/2"]
[WhiteElo "2405"]
[BlackElo "2491"]
[PlyCount "134"]
[EventDate "2008.06.12"]
[EventType "swiss"]
[EventRounds "9"]
[EventCountry "RUS"]
[SourceTitle "CBM 125 Extra"]
[Source "ChessBase"]
[SourceDate "2008.09.01"]
[SourceVersion "1"]
[SourceVersionDate "2008.09.01"]
[SourceQuality "1"]

1. d4 Nf6 2. c4 e6 3. Nc3 Bb4 4. e3 0-0 5. Bd3 c5 6. Nf3 d5 7. 0-0 Nc6 8. a3 Ba5 9. dxc5 Bxc3 10. bxc3 e5 11. Nd2 Be6 12. Qc2 dxc4 13. Nxc4 e4 14. Be2 Bxc4 15. Bxc4 Ne5 16. Be2 Qc7 17. h3 Qxc5 18. c4 Rac8 19. Bb2 Rc6 20. Bd4 Qe7 21. c5 Ned7 22. Rfc1 Rfc8 23. Bb5 R6c7 24. c6 bxc6 25. Ba6 Re8 26. Qa4 Ne5 27. Bc5 Qe6 28. Rd1 Nd5 29. Bd4 c5 30. Bb2 Nf6 31. Rac1 h5 32. Rd2 Rb8 33. Bc3 Qf5 34. Qa5 Rb6 35. Rcd1 Kh7 36. Be2 Qg5 37. Kf1 Ng6 38. Bxf6 Qxf6 39. Rd5 Ne5 40. Rxc5 Rxc5 41. Qxc5 Qf5 42. g4 hxg4 43. Bxg4 Qf6 44. Qd4 g6 45. Qxe4 Rb3 46. a4 Rb2 47. Be2 a5 48. Rd5 Nc6 49. Rc5 Ne7 50. Rh5+ Kg7 51. Rxa5 Nf5 52. Qe5 Rb1+ 53. Kg2 Nh4+ 54. Kh2 Qxe5+ 55. Rxe5 Rb2 56. Kg3 Nf5+ 57. Kf3 Nh4+ 58. Kg4 Rxe2 59. Kxh4 Rxf2 60. Kg3 Ra2 61. a5 f5 62. Rd5 Kf6 63. Rd6+ Ke5 64. Rxg6 Rxa5 65. h4 Ra1 66. Kg2 f4 67. exf4+ Kxf4 1/2-1/2